Sports Quiz

Random Sports or Basketball Quiz

David Stern Meeting Draft Picks (Slideshow) Quiz Stats

Quiz not verified by Sporcle

Challenge
Share
Tweet
Score 0/50 Timer 08:00
0 Plays Today
% Correct
Lebron James
98.9%
Joakim Noah
97.4%
Stephen Curry
96.9%
Kevin Garnett
94.3%
Charles Barkley
93%
Tony Parker
90.7%
Chris Paul
90.2%
Kobe Bryant
90%
Shaquille O'Neal
88.8%
Jason Kidd
88.4%
Tim Duncan
88.3%
Paul Pierce
86.7%
Greg Oden
85.6%
Steve Nash
84.8%
Vlade Divac
83.5%
Ron Artest
83.5%
Deron Williams
82.8%
James Harden
82%
Shane Battier
81.2%
Russell Westbrook
80.7%
Adam Morrison
77.6%
Dikembe Mutombo
75.6%
Mike Bibby
75.2%
Kirk Hinrich
74%
Jalen Rose
73.9%
% Correct
Andrew Bogut
73.3%
Shawn Marion
72.6%
JJ Redick
70.8%
Damian Lillard
68.8%
Andrea Bargnani
68.4%
Paul George
68%
Kemba Walker
66.1%
Nerlens Noel
64.7%
Shawn Bradley
64.4%
Brandon Jennings
63.2%
Ray Allen
57.3%
Akeem Olajuwon
55%
Jimmer Fredette
53.6%
Richard Hamilton
52.8%
Eddy Curry
51.9%
Drew Gooden
51.6%
LaMarcus Aldridge
51.3%
Andre Drummond
48.9%
Elton Brand
48.4%
Len Bias
47%
Bryant Reeves
44.7%
Michael Finley
41%
Steve Francis
37.2%
Devin Harris
36%
Brad Daugherty
30.8%

You're not logged in!

Compare scores with friends on all Sporcle quizzes.
Sign Up with Email
OR
Log In

You Might Also Like...

Show Comments

Extras

Top Quizzes Today


Score Distribution

Your Account Isn't Verified!

In order to create a playlist on Sporcle, you need to verify the email address you used during registration. Go to your Sporcle Settings to finish the process.